[Event "Guba op"]
[Site "Guba"]
[Date "2023.02.12"]
[Round "8"]
[White "Gurbanov, Amin Novruz"]
[Black "Mustafayev, Farid Farman Oglu"]
[Result "0-1"]
[WhiteElo "1705"]
[BlackElo "2287"]
[PlyCount "59"]
[EventDate "2023.02.07"]
[EventType "swiss"]
[EventRounds "9"]
[EventCountry "AZE"]
[SourceTitle "CBM 212 Extra"]
[Source "ChessBase"]
[SourceDate "2023.03.31"]
[SourceVersion "1"]
[SourceVersionDate "2023.03.31"]
[SourceQuality "1"]

1. d4 Nf6 2. Nf3 g6 3. Nc3 d6 4. e4 Bg7 5. h3 0-0 6. Be3 a6 7. a4 b6 8. Bd3 Bb7 9. 0-0 Nbd7 10. Re1 e5 11. dxe5 dxe5 12. Qd2 Qe7 13. Rad1 Rfd8 14. Bg5 Nc5 15. Qe3 c6 16. Bf1 b5 17. a5 Ne6 18. Bh4 Rxd1 19. Rxd1 Qc7 20. Qb6 Qxb6 21. axb6 Ne8 22. Be7 Bc8 23. b4 f6 24. Na2 Rb8 25. Bd8 Bf8 26. g4 g5 27. h4 h6 28. c3 Kf7 29. c4 Bd6 30. Kh2 0-1

[Event "Guba op"]
[Site "Guba"]
[Date "2023.02.08"]
[Round "2"]
[White "Gurbanov, Amin Novruz"]
[Black "Bashirli, Nail Qoshqar"]
[Result "0-1"]
[WhiteElo "1705"]
[BlackElo "2348"]
[PlyCount "83"]
[EventDate "2023.02.07"]
[EventType "swiss"]
[EventRounds "9"]
[EventCountry "AZE"]
[SourceTitle "CBM 212 Extra"]
[Source "ChessBase"]
[SourceDate "2023.03.31"]
[SourceVersion "1"]
[SourceVersionDate "2023.03.31"]
[SourceQuality "1"]

1. d4 Nf6 2. Nf3 e6 3. Bf4 c5 4. e3 Qb6 5. Qc1 Nc6 6. c3 d5 7. Nbd2 Nh5 8. Be5 f6 9. Bg3 Bd7 10. Bd3 cxd4 11. exd4 0-0-0 12. 0-0 Nxg3 13. hxg3 e5 14. c4 Nxd4 15. cxd5+ Kb8 16. Qb1 h5 17. Nc4 Qc5 18. Ne3 h4 19. Rc1 Qa5 20. Nxh4 g5 21. Nf3 g4 22. b4 Nxf3+ 23. gxf3 Qb6 24. Bf5 Bh6 25. Rc3 gxf3 26. Qe4 Qd4 27. Rac1 a6 28. Qxf3 Bb5 29. a3 Bg5 30. Be4 Be2 31. Qf5 Bb5 32. Bg2 Bd7 33. Qe4 f5 34. Qf3 e4 35. Qd1 Qf6 36. a4 f4 37. gxf4 Bxf4 38. b5 axb5 39. Qb3 Rdg8 40. axb5 Qh6 41. Kf1 Rxg2 42. Ke1 0-1